000 00338nam a22001217a 4500
999 _c5119
_d5119
008 250625b ||||| |||| 00| 0 eng d
020 _a9781628321036
082 _a577.34 RIG
100 _aRIGGS,KATE
_eAUTHOR
245 _aFOOD FOR LIFE RAINFORESTS
260 _aPO BOX 227 MANKATO,MINNESOTA 56002
_bCREATIVE PAPERBACKS
_c2015
942 _2ddc